| 000 | 01240nam a22003135i 4500 | ||
|---|---|---|---|
| 999 |
_c29107 _d29078 |
||
| 001 | 21232283 | ||
| 003 | EG-ScBUE | ||
| 005 | 20210426095351.0 | ||
| 008 | 191009s2020 pau f b 001 0 eng d | ||
| 020 | _a9781497204492 | ||
| 040 |
_aDLC _beng _erda _cDLC _dEG-ScBUE |
||
| 082 | 0 | 4 |
_a751.422 _bBAK _222 |
| 100 | 1 |
_aBakasova, Marina, _eauthor. |
|
| 245 | 1 | 0 |
_aWatercolor success in four steps / _cMarina Bakasova. |
| 246 | 3 | 4 |
_aWatercolor success in four steps : _b150 skill-building projects to paint |
| 264 | 1 |
_aMount Joy : _bDesign Originals, _c2020. |
|
| 300 |
_a176 pages : _bcolor illustrations ; _c24 cm |
||
| 336 |
_atext _btxt _2rdacontent |
||
| 337 |
_aunmediated _bn _2rdamedia |
||
| 338 |
_avolume _bnc _2rdacarrier |
||
| 504 | _aIncludes bibliographical references and index. | ||
| 520 |
_a"Provides information on the tools, materials, and techniques needed to learn watercolor painting. Shows how to paint 150 items by breaking down each project into four steps"-- _cProvided by publisher. |
||
| 650 | 7 |
_aWatercolor painting _xTechnique. _2BUEsh _937929 |
|
| 653 |
_bGGEN _cApril2021 |
||
| 655 |
_vReading book _934232 |
||
| 906 |
_a0 _bibc _corignew _d2 _eepcn _f20 _gy-gencatlg |
||
| 942 |
_2ddc _cBB |
||